000 00322nam a2200097Ia 4500
008 180130s9999 xx 000 0 und d
245 _cHars, Laszlo; Petruska, Gyorgy
_aPseudorandom recursions
260 _c2016
300 _aBook title: Embedded system design--Acession number C20733; pages 1 - 11
650 _aSYSTEM DESIGN
999 _c354349
_d354349